Oprávnenie rozpočtových organizácií podľa zákona o rozpočtových pravidlách
Oprávnenie rozpočtovej organizácie vykonávať podnikateľskú činnosť a združovať prostriedky, s ktorými rozpočtová organizácia hospodári. Tieto oprávnenia sú pre rozpočtovú organizáciu vymedzené v zákone č. 523/2004 Z. z. o rozpočtových pravidlách verejnej správy a o zmene a doplnení niektorých zákono...
Salvato in:
| Autore principale: | |
|---|---|
| Natura: | Capitolo di libro |
| Lingua: | slovacco |
| Soggetti: | |
| Tags: |
Nessun Tag, puoi essere il primo ad aggiungerne!!
|
MARC
| LEADER | 00000naa a2200000 4500 | ||
|---|---|---|---|
| 001 | 0162760 | ||
| 005 | 20231204111117.2 | ||
| 041 | 0 | |a slo | |
| 044 | |a SK | ||
| 245 | 1 | 0 | |a Oprávnenie rozpočtových organizácií podľa zákona o rozpočtových pravidlách |c Ingrid Veverková |
| 520 | |a Oprávnenie rozpočtovej organizácie vykonávať podnikateľskú činnosť a združovať prostriedky, s ktorými rozpočtová organizácia hospodári. Tieto oprávnenia sú pre rozpočtovú organizáciu vymedzené v zákone č. 523/2004 Z. z. o rozpočtových pravidlách verejnej správy a o zmene a doplnení niektorých zákonov v z. n. p. Ilustračné príklady. | ||
| 610 | 2 | 0 | |a organizácie rozpočtové |
| 610 | 2 | 0 | |a podnikanie |
| 610 | 2 | 0 | |a správa verejná |
| 610 | 2 | 0 | |a pravidlá rozpočtové |
| 610 | 2 | 0 | |a hospodárenie finančné |
| 100 | 1 | |a Veverková, Ingrid | |